The Twin Dilemma / (Record no. 4981)
[ view plain ]
| 000 -LEADER | |
|---|---|
| fixed length control field | 00775nam a22002537a 4500 |
| 001 - CONTROL NUMBER | |
| control field | 4981 |
| 003 - CONTROL NUMBER IDENTIFIER | |
| control field | FISKH |
| 005 - DATE AND TIME OF LATEST TRANSACTION | |
| control field | 20241031081102.0 |
| 008 - FIXED-LENGTH DATA ELEMENTS--GENERAL INFORMATION | |
| fixed length control field | 241030b cb ||||| |||| 00| 0 eng d |
| 020 ## - INTERNATIONAL STANDARD BOOK NUMBER | |
| International Standard Book Number | 076714002753 |
| 040 ## - CATALOGING SOURCE | |
| Original cataloging agency | FISKH |
| Language of cataloging | eng |
| Transcribing agency | FISKH |
| Modifying agency | FISKH |
| 050 ## - LIBRARY OF CONGRESS CALL NUMBER | |
| Classification number | PZ7.K23 |
| 082 ## - DEWEY DECIMAL CLASSIFICATION NUMBER | |
| Classification number | 813.52 |
| 100 ## - MAIN ENTRY--PERSONAL NAME | |
| Personal name | Keene, Carolyn |
| 245 ## - TITLE STATEMENT | |
| Title | The Twin Dilemma / |
| Statement of responsibility, etc. | by Carolyn Keene |
| 260 ## - PUBLICATION, DISTRIBUTION, ETC. | |
| Place of publication, distribution, etc. | New York : |
| Name of publisher, distributor, etc. | Simon & Schuster ; |
| Date of publication, distribution, etc. | 1981. |
| 300 ## - PHYSICAL DESCRIPTION | |
| Extent | 190 pages : |
| Other physical details | illustrations ; |
| Dimensions | 20 cm . |
| 490 ## - SERIES STATEMENT | |
| Series statement | Nancy Drew |
| Volume/sequential designation | Book 63 |
| 520 ## - SUMMARY, ETC. | |
| Summary, etc. | When a model disappears, Nancy takes her place in a benefit fashion show and helps to track down a dress thief. |
| 650 ## - SUBJECT ADDED ENTRY--TOPICAL TERM | |
| Topical term or geographic name entry element | Fashion |
| Form subdivision | Fiction |
| 700 ## - ADDED ENTRY--PERSONAL NAME | |
| Personal name | Frame, Paul |
| Relator term | illustrator |
| 942 ## - ADDED ENTRY ELEMENTS (KOHA) | |
| Source of classification or shelving scheme | Dewey Decimal Classification |
| Koha item type | Books |
| Suppress in OPAC | No |
| Withdrawn status | Lost status | Source of classification or shelving scheme | Damaged status | Not for loan | Collection | Home library | Current library | Shelving location | Date acquired | Total Checkouts | Full call number | Barcode | Date last seen | Price effective from | Koha item type |
|---|---|---|---|---|---|---|---|---|---|---|---|---|---|---|---|
| Dewey Decimal Classification | Fiction | Footprints International School Library Network Toul Kork Campus | Footprints International School Library Network Toul Kork Campus | TTP Secondary Fiction Bookshelves | 10/30/2024 | KEN 813.52 PZ7.K23 | 2024-2258 | 10/30/2024 | 10/30/2024 | Books |
